Normal view
MARC view
Entry Personal Name
001 - CONTROL NUMBER
- control field: 73580
003 - CONTROL NUMBER IDENTIFIER
- control field: OSt
005 - DATE AND TIME OF LATEST TRANSACTION
- control field: 20190102152957.0
008 - FIXED-LENGTH DATA ELEMENTS
- fixed length control field: 190102|| aca||aabn | a|a d
040 ## - CATALOGING SOURCE
- Original cataloging agency: OSt
- Transcribing agency: OSt
100 ## - HEADING--PERSONAL NAME
- Personal name: सक्सेना ,सुधीर
670 ## - SOURCE DATA FOUND
- Source citation: Work cat.: (OSt): सक्सेना ,सुधीर , किताबें दीवार नहीं हाेतीं , 2016









